000 00445nam a22001577a 4500
020 _a9788119443321
082 _aM 894.812
_bSUV/P
100 _aSuvitha Jinto Puthenveetil
245 _aPadavukal:
_bK TET malayalam pareekshapadavali/
_cby Suvitha Jinto Puthenveetil
260 _aKozhikkode:
_bAtma books,
_c2023.
300 _a384p.
650 _aLanguage Malayalam
650 _aLiterature Malayalam
650 _aLiterature
942 _cBK
999 _c181754
_d181754